Statistics for Denver Broncos: Pro Bowl Selections

Click here to take the quiz!

General Stats

  • This quiz has been taken 57 times
    (4 since last reset)
  • The average score is 28 of 100

Answer Stats

Position Amount of Selections Player % Correct
WR2Emmanuel Sanders
100%
RB3Terrell Davis
100%
LB8Von Miller
100%
WR4Demaryius Thomas
100%
WR1Courtland Sutton
100%
TE2Julius Thomas
100%
CB8Champ Bailey
100%
WR1Anthony Miller
100%
QB9John Elway
100%
QB3Peyton Manning
100%
RB1Phillip Lindsay
75%
WR3Rod Smith
75%
DE3Rich Jackson
75%
TE7Shannon Sharpe
75%
K3Jason Elam
75%
DT2Paul Smith
75%
CB4Chris Harris
75%
LB3Tom Jackson
75%
K1Matt Prater
75%
CB8Steve Atwater
75%
QB1Jay Cutler
75%
QB1Jake Plummer
75%
DE1Neil Smith
75%
CB6Dennis Smith
75%
RB1Detron Smith
75%
RB1C.J. Anderson
75%
CB4John Lynch
50%
WR1Ed McCaffrey
50%
LB2DeMarcus Ware
50%
CB4Aqib Talib
50%
G1Mark Schlereth
25%
CB2Brian Dawkins
25%
T3Gary Zimmerman
25%
WR2Brandon Marshall
25%
RB1Willis McGahee
25%
DE1Alfred Williams
25%
RB1Clinton Portis
25%
LS1Casey Kreiter
25%
QB1Brian Griese
25%
RB5Floyd Little
25%
RB1Gaston Green
25%
LB7Randy Gradishar
25%
WR1Brandon Lloyd
25%
DE3Elvis Dumervil
25%
QB1Frank Tripucka
25%
LB6Karl Mecklenburg
25%
LB1Michael Brooks
0%
LB2Bill Romanowski
0%
LB3Jim Fraser
0%
LB5Al Wiilson
0%
LB1John Bramlett
0%
CB1Bob Zeman
0%
CB1Deltha O'Neal
0%
CB1T.J. Ward
0%
K1David Treadwell
0%
P1Mike Horan
0%
P1Luke Prestridge
0%
CB1Nemiah Wilson
0%
CB1Darian Stewart
0%
CB5Goose Gonsoulin
0%
LB1Bob Swenson
0%
CB5Louis Wright
0%
CB3Bill Thompson
0%
CB1Tyrone Braxton
0%
LB1Ian Gold
0%
C5Tom Nalen
0%
WR1Bob Scarpitto
0%
WR1Haven Moses
0%
WR1Steve Watson
0%
TE4Riley Odoms
0%
TE1Dwayne Carswell
0%
T2Eldon Danenhauer
0%
T4Ryan Clady
0%
WR2Al Denson
0%
WR4Rick Upchurch
0%
RB1Bobby Humphrey
0%
RB2Otis Armstrong
0%
RB2Sammy Winder
0%
RB1Glyn Milburn
0%
RB1Donnie Stone
0%
FB1Cookie Gilchrist
0%
RB1Gene Mingo
0%
T1Mike Current
0%
T1Zane Beadles
0%
DT3Bud McFadin
0%
DT3Dave Costa
0%
DT4Trevor Pryce
0%
DT1Michael Dean Perry
0%
DT1Greg Kragen
0%
DE2Rulon Jones
0%
DE3Lionel Taylor
0%
C1Casey Wiegmann
0%
C1Larry Kaminski
0%
G2Keith Bishop
0%
T1Tony Jones
0%
G1Ken Adamson
0%
G1Louis Vasquez
0%
C2Jerry Sturm
0%
G1George Goeddeke
0%
DE2Lyle Alzado
0%

Score Distribution

Percentile by Number Answered

Percent of People with Each Score

Your Score History

You have not taken this quiz since the last reset